| 000 | 00975nam a2200301 a 4500 | ||
|---|---|---|---|
| 008 | |||
| 020 | _a1559389343 (set) | ||
| 020 | _a1559389370 (pt. 3 : alk. paper) | ||
| 049 | _aMAIN | ||
| 090 | _aHD57.7 | ||
| 100 | 1 | _aBrion, John M. | |
| 245 | 1 | 0 |
_aIntegration / _cby John M. Brion. |
| 260 |
_aGreenwich : _bJAI Press, _cc1996. |
||
| 300 |
_axxiv, p.945-1272 ; _c24 cm. |
||
| 440 |
_aLeadership of organizations ; _vpt. 3. |
||
| 504 | _aIncludes bibliographical references : p. 1229-1251. | ||
| 505 | 0 | _apt. 1. The social -- pt. 2. The technical -- pt. 3. Integration. | |
| 500 | _aIncludes index. | ||
| 650 | 0 | _aLeadership. | |
| 650 | 0 | _aExecutive ability. | |
| 650 | 0 | _aOrganizational behavior. | |
| 740 |
_aLeadership of organizations : _bthe executive's complete handbook. |
||
| 907 |
_a.b10037305 _b15-07-03 _c17-04-03 |
||
| 003 | |||
| 005 | 20230123133202.0 | ||
| 040 | _cNUST | ||
| 942 |
_cBOOKS _kHD57.7 |
||
| 999 |
_c144203 _d144203 |
||